[Event "ch-NED w"]
[Site "Eindhoven NED"]
[Date "2010.06.20"]
[Round "10"]
[White "Lanchava, T."]
[Black "Peng Zhaoqin"]
[Result "1/2-1/2"]
[WhiteElo "2364"]
[BlackElo "2397"]
[PlyCount "96"]
[EventDate "2010.06.11"]

1. c4 e5 2. g3 Nc6 3. Bg2 g6 4. e3 Bg7 5. Ne2 d6 6. Nbc3 Be6 7. Nd5 Qd7 8. O-O
Nd8 9. e4 c6 10. Ne3 Nf6 11. d4 Bh3 12. dxe5 dxe5 13. Qxd7+ Bxd7 14. b3 Ng4 15.
Nc2 h5 16. Bb2 Ne6 17. h3 Nh6 18. Rad1 Rd8 19. Ne1 O-O 20. Ba3 Rfe8 21. f4 f5
22. fxe5 Bxe5 23. Nf3 Bg7 24. Nh4 Nf8 25. Bxf8 Bxf8 26. Nxg6 Bc5+ 27. Kh2 fxe4
28. Ngf4 h4 29. Nh5 Be7 30. Bxe4 Bg5 31. Nc3 hxg3+ 32. Nxg3 Be6 33. Nh5 Rxd1
34. Rxd1 Kf7 35. Rg1 Rg8 36. Bh7 Rh8 37. Ne4 Be7 38. Rg7+ Kf8 39. Neg3 Nf7 40.
Kg2 Ng5 41. Bd3 Bxh3+ 42. Kf2 Bg4 43. Be2 Bxh5 44. Nxh5 Bc5+ 45. Kg2 Rxh5 46.
Rg6 Nh3 47. Bxh5 Nf4+ 48. Kf3 Nxg6 1/2-1/2

[Event "ch-NED w"]
[Site "Eindhoven NED"]
[Date "2010.06.20"]
[Round "10"]
[White "Muhren, B."]
[Black "Haast, A."]
[Result "1-0"]
[WhiteElo "2295"]
[BlackElo "2220"]
[PlyCount "71"]
[EventDate "2010.06.11"]

1. e4 e5 2. Nf3 Nc6 3. Nc3 Nf6 4. Bb5 Nd4 5. Bc4 Bc5 6. Nxe5 Qe7 7. Nf3 d5 8.
Bxd5 Bg4 9. d3 Nd7 10. Bxb7 Ne5 11. Nxd4 Bxd1 12. Nc6 Qf6 13. Nxd1 Nxc6 14.
Bxa8 Nb4 15. O-O Nxc2 16. Rb1 Nb4 17. Be3 Bxe3 18. Nxe3 c6 19. Rbc1 Kd7 20. a3
Rxa8 21. axb4 Rb8 22. Rc4 Qxb2 23. Rfc1 Rb6 24. g3 g6 25. Kg2 h5 26. h4 Qf6 27.
d4 Qd6 28. d5 Rxb4 29. dxc6+ Kc8 30. Rxb4 Qxb4 31. Rc4 Qd6 32. Kg1 Qe5 33. c7
Qd6 34. Nd5 a5 35. Rc1 a4 36. Rb1 1-0

[Event "ch-NED w"]
[Site "Eindhoven NED"]
[Date "2010.06.20"]
[Round "10"]
[White "Dirksen, M."]
[Black "Slingerland, C."]
[Result "1/2-1/2"]
[WhiteElo "1976"]
[BlackElo "2080"]
[PlyCount "41"]
[EventDate "2010.06.11"]

1. e4 c5 2. Nf3 Nc6 3. d4 cxd4 4. Nxd4 g6 5. c4 Bg7 6. Nc2 d6 7. Nc3 f5 8. exf5
Bxf5 9. Bd2 Nf6 10. Ne3 Be6 11. Be2 O-O 12. O-O Qd7 13. Ned5 Rac8 14. Rc1 Kh8
15. Bg5 Ng4 16. b3 Be5 17. Bxg4 Bxg4 18. Qd2 Rf7 19. Bf4 Bg7 20. Bh6 Be5 21.
Bf4 1/2-1/2